Štúdium štruktúry rozhrania bimetalu: tvárna liatina - CuSn6, elektrónovou mikroskopiou a EDX mikroanalýzou
Salvato in:
| Autore principale: | |
|---|---|
| Altri autori: | |
| Natura: | Manoscritto Libro |
| Lingua: | slovacco |
| Pubblicazione: |
Trnava :
STU v Bratislave MTF UMAT,
2012
|
| Soggetti: | |
| Accesso online: | VAIS |
| Tags: |
Nessun Tag, puoi essere il primo ad aggiungerne!!
|
MARC
| LEADER | 00000ntm a22000003a 4500 | ||
|---|---|---|---|
| 001 | stu251058 | ||
| 005 | 20150617230200.8 | ||
| 008 | 120719s2012----xo------------------slo-d | ||
| 040 | |a STU |b slo | ||
| 041 | 0 | |a slo | |
| 044 | |a xo | ||
| 100 | 1 | |a Kollarovičová, Andrea, |d 1989- |4 aut |u M1000 |U MTF Materiálovotechnologická fakulta |T MTF Ústav materiálov |U M1000 |Y 81 | |
| 242 | 0 | 0 | |a Structural study of the bimetallic interface : ductil iron – CuSn6 with electron microscopy and EDX microanalysis |y eng |
| 245 | 1 | |a Štúdium štruktúry rozhrania bimetalu: tvárna liatina - CuSn6, elektrónovou mikroskopiou a EDX mikroanalýzou | |
| 260 | |a Trnava : |b STU v Bratislave MTF UMAT, |c 2012 | ||
| 300 | |a 47s |c CD ROM | ||
| 650 | 7 | |a materiálové inžinierstvo |2 stusub | |
| 650 | 7 | |a Materials Engineering |2 estusub | |
| 650 | 7 | |a zváranie explóziou |2 stusub | |
| 650 | 7 | |a tvárna liatina |2 stusub | |
| 700 | 1 | |a Odokienková, Barbara, |d 1980- |4 ths |u M1000 |U MTF Materiálovotechnologická fakulta |T MTF Ústav materiálov |X 6337 |U M1000 |Y 81 |7 A000006337 | |
| 856 | 4 | |a info a plný text |u http://is.stuba.sk/zp/portal_zp.pl?podrobnosti=74851 |3 VAIS | |
| 996 | |c M*BP-6087 |l MMSKP |s P |a 0 |w stu251058_0001 | ||